Shrinking Cities in Indiana - Statistics

General Stats
  • This quiz has been taken 28 times
  • The average score is 7 of 10
Answer Stats
Population Growth Rate (%) City % Correct
69,093 -15 Gary
95%
117,298 -2.3 Evansville
86%
65,194 -7.4 Muncie
76%
54,788 -2.3 Anderson
71%
77,879 -3.7 Hammond
71%
58,389 -4.0 Terre Haute
71%
79,168 -1.4 Bloomington
57%
26,370 -12 East Chicago
52%
35,720 -2.9 Richmond
52%
28,310 -5.4 Marion
43%
No matching quizzes found
Score Distribution
Percent of People with Each Score
Percentile by Number Answered
Your Score History
You have not taken this quiz